01572cam a2200277 a 45000010008000000030006000080050017000140080041000310100016000720200015000880200014001030200018001170350019001350400065001540500015002190820021002341000029002552450051002842600047003353000021003825040041004035050640004445200176010846500014012606500020012746677056OCoLC20180922162030.0810508s1980 cau b 000 0 eng  a 79091703 a0830707301 a083079967 a9780830707300 a(OCoLC)6677056 aDLCbengcDLCdBTCTAdOCLCGdHNWdOCLCQdTXMLIdOCLCAdOCLCF00aBF531b.D600a248.4219bD635E1 aDobson, James C.,d1936-10aEmotions, can you trust them? /cJames Dobson. aVentura, Calif. :bGL Regal Books,cc1980. a143 p. ;c22 cm. aIncludes bibliographical references.0 aGuilt : the painful emotion -- The origin of guilt -- Living with conscience -- Parental training of the conscience -- Eight conclusions about guilt -- Learning-discussion ideas -- Romantic love : distortion versus the real thing -- Beliefs about love -- I am committed to you -- Learning-discussion ideas -- Conflict in a floral shop -- What is anger? When is it sinful? -- How do you deal with anger? -- Aspects of anger -- Learning-discussion ideas -- Can you know God's will? -- Why you can't trust inner feelings and impressions -- How to test inner feelings and impressions -- How to know God's will -- Learning-discussion ideas. aIs love at first sight really love? Will genuine love last a lifetime? Is anger wrong? How can I learn to bring my temper under control? Answers may be found in this book. 0aEmotions. 0aChristian life.